[Event "Alberta-ch U20 op"]
[Site "Calgary"]
[Date "2013.11.09"]
[Round "3.4"]
[White "Koneru, Nimai"]
[Black "Li, Zeling"]
[Result "1/2-1/2"]
[WhiteElo "1247"]
[BlackElo "1220"]
[PlyCount "101"]
[EventDate "2013.11.09"]
[EventType "swiss"]
[EventRounds "5"]
[EventCountry "CAN"]
[SourceTitle "EXT 2022"]
[Source "ChessBase"]
[SourceDate "2021.10.06"]
[SourceVersion "1"]
[SourceVersionDate "2021.10.06"]
[SourceQuality "1"]

1. Nf3 Nc6 2. d4 d5 3. Bf4 Bf5 4. e3 e6 5. Bd3 Be4 6. Nbd2 Nf6 7. 0-0 Bb4 8. c3 Bxd3 9. cxb4 Bxf1 10. Qxf1 0-0 11. b5 Ne7 12. Rc1 c6 13. a4 Qa5 14. bxc6 Nxc6 15. Qb5 Qxb5 16. axb5 Na5 17. Rc7 Rac8 18. b3 Nh5 19. Bd6 Rfd8 20. Rxc8 Rxc8 21. Bb4 b6 22. g4 Nf6 23. Ne5 Ne4 24. Bxa5 bxa5 25. Nc6 Nxd2 26. Ne7+ Kh8 27. Nxc8 Nxb3 28. Nxa7 a4 29. b6 Na5 30. Nb5 Kg8 31. Kf1 Kf8 32. Ke2 Ke8 33. Kd3 Kd7 34. Kc3 Kc6 35. Kb4 Kxb6 36. Kxa4 Nc4 37. Nc3 f6 38. h4 f5 39. f3 fxg4 40. fxg4 Nxe3 41. g5 Ng2 42. h5 Nf4 43. h6 gxh6 44. gxh6 Ng2 45. Ne2 Nh4 46. Nf4 Nf5 47. Nxe6 Nxh6 48. Nf8 Nf5 49. Nxh7 Nxd4 50. Nf6 Kc5 51. Nxd5 1/2-1/2

[Event "Calgary March of Kings"]
[Site "Calgary"]
[Date "2010.03.07"]
[Round "5"]
[White "Li, Zeling"]
[Black "Zhao, Kevin"]
[Result "0-1"]
[WhiteElo "668"]
[BlackElo "1102"]
[PlyCount "84"]
[EventDate "2010.03.06"]
[EventType "swiss"]
[EventRounds "5"]
[EventCountry "CAN"]
[SourceTitle "EXT 2011"]
[Source "ChessBase"]
[SourceDate "2010.11.26"]
[SourceVersion "1"]
[SourceVersionDate "2010.11.26"]
[SourceQuality "1"]

1. e4 Nf6 2. e5 Nd5 3. Bc4 Nb6 4. Bb3 Nc6 5. c4 d5 6. c5 Nd7 7. d4 e6 8. Be3 b6 9. Nf3 bxc5 10. Nc3 Ba6 11. Qc2 cxd4 12. Nxd4 Ncxe5 13. f4 Nd3+ 14. Kd2 Bb4 15. Nc6 Qf6 16. Nxb4 Nxb4 17. Qd1 d4 18. Ne4 dxe3+ 19. Kxe3 Qxb2 20. Rb1 Qxg2 21. Rg1 Qh3+ 22. Rg3 Qxh2 23. Rxg7 Qh3+ 24. Rg3 Qf5 25. Rg5 Qh3+ 26. Rg3 Qh6 27. Ba4 Nd5+ 28. Kf2 Qxf4+ 29. Rf3 Qh2+ 30. Ke1 Rg8 31. Bxd7+ Kxd7 32. Nf6+ Ke7 33. Nxg8+ Rxg8 34. Rxf7+ Kxf7 35. Qf3+ Ke7 36. Qa3+ Kd8 37. Rb8+ Bc8 38. Rxc8+ Kxc8 39. Qa6+ Kb8 40. Qb5+ Nb6 41. Qf1 Rg1 42. Qxg1 Qxg1+ 0-1